Quebrando rocas, una aproximación metodológica para el estudio del cuarzo en contextos arqueológicos de Córdoba (Argentina) /
This text offers a valuable contribution to the development of a methodology to address the study of archaeological quartz artifacts, combining various analytical tools to study these objects so that we might better understand the technological strategies of hunting societies who made use of this ra...
المؤلف الرئيسي:
التنسيق: كتاب الكتروني
اللغة: Spanish
منشور في:
Summertown, Oxford :
Archaeopress Publishing Ltd,
2018.
سلاسل:
South American archaeology series ;
30.
Access archaeology.
الموضوعات:
الوصول للمادة أونلاين: Login to view Source
الوسوم: إضافة وسم
رقم الطلب: GN740
| LEADER | 02056nam a2200445 i 4500 | ||
|---|---|---|---|
| 001 | EDZ0002020230 | ||
| 003 | StDuBDS | ||
| 005 | 20230412182338.0 | ||
| 006 | m|||||o||d|||||||| | ||
| 007 | cr ||||||||||| | ||
| 008 | 190228s2018 enka fob 000|0|spa|d | ||
| 020 | |a 9781789690101 (ebook) : |c No price | ||
| 040 | |a StDuBDS |b eng |c StDuBDS |e rda |e pn | ||
| 050 | 4 | |a GN740 | |
| 082 | 0 | 4 | |a 930.1 |2 23 |
| 100 | 1 | |a Pautassi, Eduardo, |e author. | |
| 245 | 1 | 0 | |a Quebrando rocas, una aproximación metodológica para el estudio del cuarzo en contextos arqueológicos de Córdoba (Argentina) / |c Eduardo Pautassi. |
| 264 | 1 | |a Summertown, Oxford : |b Archaeopress Publishing Ltd, |c 2018. | |
| 300 | |a 1 online resource (vi, 214 pages) : |b illustrations (black and white, and colour). | ||
| 336 | |a text |2 rdacontent | ||
| 336 | |a still image |2 rdacontent | ||
| 337 | |a computer |2 rdamedia | ||
| 338 | |a online resource |2 rdacarrier | ||
| 490 | 1 | |a South American archaeology series ; |v 30 | |
| 490 | 1 | |a Access archaeology | |
| 500 | |a Previously issued in print: 2018. | ||
| 504 | |a Includes bibliographical references. | ||
| 520 | 8 | |a This text offers a valuable contribution to the development of a methodology to address the study of archaeological quartz artifacts, combining various analytical tools to study these objects so that we might better understand the technological strategies of hunting societies who made use of this raw material. | |
| 521 | |a Specialized. | ||
| 588 | |a Description based on online resource; title from home page (viewed on February 28, 2019). | ||
| 650 | 0 | |a Antiquities, Prehistoric. | |
| 650 | 0 | |a Quartz art objects. | |
| 650 | 0 | |a Quartz. | |
| 776 | 0 | 8 | |i Print version : |z 9781789690095 |
| 830 | 0 | |a South American archaeology series ; |v 30. | |
| 830 | 0 | |a Access archaeology. | |
| 856 | 4 | 0 | |3 Archaeopress |u http://library.arce.org:8087/Archaeopress/Products/9781789690095 |
| 942 | |2 lcc |c EBOOK | ||
| 952 | |0 0 |1 0 |4 0 |6 GN0740 |7 1 |9 46461 |a ARCH |b ARCH |d 2023-04-12 |l 0 |o GN740 |r 2023-04-12 00:00:00 |w 2023-04-12 |y EBOOK | ||
| 999 | |c 52119 |d 52119 | ||
